01178nam a2200205Ia 4500001054800000002005100548008003700599010001100636530002200647650002500669650002100694650002500715650001800740650001700758650002400775700004300799700004400842700003900886700004700925IA_L'adaptation d'éléments clés, contenus dans la norme officielle du vin de la France avec appellation d'origine, aux normes mexicaines pour simuler dans la plus part la qualité française, ainsi, le vin pourra posséder la légende « type » AOC (Appellation d'Origine Contrôlée) en train d'obtenir : un prix plus chère par rapport à le vins communes, un vin mexicaine de grand qualité, une grande compétitivité avec les vins étrangères et aussi même un nouveau produit dans le grand gamme d'étiquettes du vins.DESCRIPCION Y ANALISIS DE PRE-FACTIBILIDAD DE VINO220117s xx 000 0 und d a185617 aDisponible en PDF aIndustria del vino  aVinificación  aVinosxAnálisis  aWine industry aWinemaking  aWinesxAnalysis  aLira González, Diego Ernesto, asesor aMartínez Mosqueda, Francisco, asesor  aMartínez Romero, Salvador, dir.  aRobles González, Roberto Manuel, coaut.